FIFA 22 TOTW 2 - Statistics

General Stats
  • This quiz has been taken 31 times
  • The average score is 9 of 23
Answer Stats
Club Position Rating Answer % Correct
Real Madrid CF 90 Karim Benzema
88%
Sevilla RB 86 Jesus Navas
79%
Bayer Leverkusen GK 85 Lukas Hradecky
75%
Napoli ST 83 Victor Osimhen
71%
Inter Milan CM 86 Nicolo Barella
63%
RB Leipzig CAM 84 Christopher Nkunku
58%
Borussia Monchengladbach CDM 83 Denis Zakaria
58%
Man City RW 86 Gabriel Jesus
58%
Barcelona LB 81 Sergino Dest
54%
Arsenal LM 81 Emile Smith-Rowe
50%
Aston Villa CB 81 Kortney Hause
50%
Lazio RW 84 Felipe Anderson
46%
Bordeaux GK 82 Benoit Costil
42%
Lens CM 82 Seko Fofana
42%
Real Sociedad CB 82 Aritz Elustondo
33%
Basel ST 81 Arthur Cabral
25%
Genk ST 82 Paul Ebere Onuachu
21%
Blackburn LM 78 Ben Brereton
13%
Benevento ST 79 Gianluca Lapadula
4%
SV Wehen Wiesbaden ST 74 Gustaf Nilsson
4%
IFK Norrkoping CB 76 Linus Wahlqvist
4%
Cracovia Krakow CM 76 Pelle Van Amersfoort
4%
Istanbul Basaksehir ST 81 Stefano Okaka
4%
No matching quizzes found
Score Distribution
Percent of People with Each Score
Percentile by Number Answered
Your Score History
You have not taken this quiz